000
00223nam a22000857a 4500
008
170110b xxu||||| |||| 00| 0 eng d
100
_9
2302
_a
Verma.N.K.etal
245
_a
Academic Science-IX CCE
260
_a
New Delhi
_b
Amanda
_c
2011
999
_c
5208
_d
5208